000
00300nam a2200121Ia 4500
008
190723s9999 xx 000 0 und d
020
_a
969-8519-01-7
100
_a
Nazeer Ahmed Shaheen
245
0
_a
Introduction To Company Law
260
_a
Karachi
_b
Petiwala
_c
2017
300
_a
356:p
942
_c
BK
999
_c
1968
_d
1968